Sports Quiz

Random Sports or Basketball Quiz

NBA 20+ PPG Rookies Quiz Stats

Quiz Updated Mar 16, 2015

Challenge
Share
Tweet
Embed
Score 0/44 Timer 06:00
12 Plays Today
PPG Player % Correct
20.9LeBron James
93.3%
28.2Michael Jordan
92.3%
37.6Wilt Chamberlain
91%
23.4Shaquille O'Neal
80%
22.5Blake Griffin
79.2%
21.1Tim Duncan
75.3%
28.8Kareem Abdul-Jabbar
75.2%
20.3Kevin Durant
75.2%
24.3David Robinson
74.3%
21.0Carmelo Anthony
74.2%
21.9Glenn Robinson
73.4%
23.5Allen Iverson
72.6%
20.6Hakeem Olajuwon
71.8%
21.3Larry Bird
71.5%
30.5Oscar Robertson
71.1%
28.3George Mikan
52.4%
20.1Tyreke Evans
46.3%
24.9Elgin Baylor
43.9%
25.7Rick Barry
42.7%
21.0Alonzo Mourning
39.4%
20.1Elton Brand
38.7%
20.4Bob Pettit
38.6%
PPG Player % Correct
28.4Elvin Hayes
36.6%
24.2Bernard King
35.1%
21.0Ralph Sampson
34.8%
23.2Pete Maravich
34.2%
20.3Adrian Dantley
33%
22.0Mitch Richmond
31.8%
20.0Dave Bing
21.8%
24.2Walter Davis
21.4%
24.3Earl Monroe
18.3%
31.6Walt Bellamy
16.3%
22.9Ron Harper
14.4%
23.7Terry Cummings
10%
21.6Kelly Tripucka
9.2%
20.6Darrell Griffith
7.6%
21.7Bill Cartwright
6.8%
23.2Joe Fulks
6.6%
24.8Geoff Petrie
6.2%
24.5Sidney Wicks
5.3%
20.1Clark Kellogg
4.4%
21.4Jay Vincent
2%
25.5Terry Dischinger
1.5%
23.4Alex Groza
1.4%

You're not logged in!

Compare scores with friends on all Sporcle quizzes.
Sign Up with Email
OR
Log In

You Might Also Like...

Show Comments

Extras

Top Quizzes Today


Score Distribution

Your Account Isn't Verified!

In order to create a playlist on Sporcle, you need to verify the email address you used during registration. Go to your Sporcle Settings to finish the process.